Statistics for Country Flags by Number of Stars

Click here to take the quiz!

General Stats

  • This quiz has been taken 126 times
  • The average score is 9 of 13

Answer Stats

# StarsCountry# Countries% Correct
50United States1
98%
1Algeria, Angola, Antigua and Barbuda, Azerbaijan, Burkina Faso, Cameroon, etc.37
96%
5China, Honduras, Papua New Guinea, Samoa, Singapore, Solomon Islands, etc.7
89%
6Australia, Equatorial Guinea and Kosovo2
80%
4Comoros, F.S. Micronesia and New Zealand3
78%
27Brazil1
70%
2Panama, St. Kitts and Nevis, Sao Tome and Principe and Syria4
69%
12Uzbekistan1
52%
9Bosnia and Herzegovina and Tuvalu2
48%
8Venezuela1
48%
10Cape Verde and Dominica2
45%
3Burundi, Philippines and Slovenia3
43%
7Grenada and Tajikistan2
43%

Score Distribution

Percentile by Number Answered

Percent of People with Each Score

Your Score History

You have not taken this quiz